[Event "Kandidatklassen 2006"]
[Site "Aalborg"]
[Date "2006.04.13"]
[Round "3"]
[White "Brautsch, Soren"]
[Black "Skovgaard, Peter Nicolai"]
[Result "1/2-1/2"]
[WhiteElo "2275"]
[BlackElo "2145"]
[PlyCount "43"]
[EventDate "2006.??.??"]
[SourceDate "2014.05.18"]

1. d4 Nf6 2. Nf3 c5 3. c3 e6 4. Bg5 d5 5. e3 Nbd7 6. Nbd2 Be7 7. Bd3 Qc7 8. O-O
O-O 9. Qe2 b6 10. Ne5 Nxe5 11. dxe5 Qxe5 12. f4 Qc7 13. e4 c4 14. Bc2 Bc5+ 15.
Kh1 Nxe4 16. Nxe4 dxe4 17. Qxe4 g6 18. Qxc4 a5 19. Qe2 Ba6 20. Bd3 Bxd3 21.
Qxd3 Be7 22. Bxe7 1/2-1/2

[Event "Kandidatklassen 2006"]
[Site "Aalborg"]
[Date "2006.04.13"]
[Round "3"]
[White "Peschardt, Soren"]
[Black "Rendboe, John Filip"]
[Result "0-1"]
[WhiteElo "2122"]
[BlackElo "2179"]
[PlyCount "78"]
[EventDate "2006.??.??"]
[SourceDate "2014.05.18"]

1. d4 Nf6 2. c4 e6 3. Nf3 d5 4. Nc3 Be7 5. Bg5 O-O 6. e3 h6 7. Bh4 b6 8. Ne5
Bb7 9. Rc1 c5 10. dxc5 bxc5 11. Qb3 Qb6 12. Qc2 d4 13. Nb1 Qa5+ 14. Nd2 Qxa2
15. Nb3 Qa4 16. Bd3 Qb4+ 17. Ke2 Nc6 18. Bxf6 gxf6 19. Nf3 Rad8 20. e4 a5 21.
h4 Kg7 22. g4 Rh8 23. Rcg1 Rdg8 24. g5 hxg5 25. hxg5 fxg5 26. Rxh8 Rxh8 27.
Nxg5 Kf8 28. Nf3 Bf6 29. Ra1 Qb6 30. Nc1 Ke7 31. Qd2 e5 32. Ra3 Nb4 33. Nb3 Ra8
34. Qc1 Nxd3 35. Kxd3 Bxe4+ 36. Kxe4 Qc6+ 37. Kd3 Qxf3+ 38. Kc2 Qe4+ 39. Kd1
Rg8 0-1

[Event "Kandidatklassen 2006"]
[Site "Aalborg"]
[Date "2006.04.13"]
[Round "3"]
[White "Christensen, Tobias"]
[Black "Aabling Thomsen, Jakob"]
[Result "1-0"]
[WhiteElo "2312"]
[BlackElo "2257"]
[PlyCount "81"]
[EventDate "2006.??.??"]
[SourceDate "2014.05.18"]

1. Nf3 g6 2. e4 Bg7 3. d4 d6 4. Be2 a6 5. O-O b5 6. a4 Bb7 7. axb5 Bxe4 8. d5
Nf6 9. Nc3 Bxf3 10. Bxf3 O-O 11. Be3 Qc8 12. Qd2 Qb7 13. Bd4 Nbd7 14. bxa6 Rxa6
15. Rxa6 Qxa6 16. Re1 Qb7 17. b3 Re8 18. h3 Qb4 19. Ne4 Qb5 20. Nxf6+ Bxf6 21.
Bxf6 Nxf6 22. Ra1 e6 23. dxe6 Rxe6 24. Qc3 Kg7 25. Qxc7 Qb4 26. Qc4 Qd2 27. Rd1
Re1+ 28. Rxe1 Qxe1+ 29. Qf1 Qb4 30. Qa1 h5 31. Kf1 Qf4 32. Ke2 g5 33. Qc3 Kh6
34. Qe3 Qf5 35. Kd2 Kg7 36. Qd4 d5 37. Bxh5 Kg8 38. Bf3 Qe6 39. Qe3 Qf5 40. g4
Qg6 41. Qd3 1-0

[Event "Kandidatklassen 2006"]
[Site "Aalborg"]
[Date "2006.04.14"]
[Round "4"]
[White "Christensen, Bo Garner"]
[Black "Rhee, Alexander Kasper"]
[Result "1-0"]
[WhiteElo "2224"]
[BlackElo "2018"]
[PlyCount "91"]
[EventDate "2006.??.??"]
[SourceDate "2014.05.18"]

1. Nf3 Nf6 2. g3 d5 3. Bg2 Bg4 4. Ne5 h5 5. c4 c6 6. Qb3 Qc7 7. d4 dxc4 8. Nxc4
Be6 9. Bf4 Qc8 10. a4 Nbd7 11. Nbd2 h4 12. e4 Nh5 13. Bg5 Nb6 14. d5 Bh3 15.
Bf3 Nxc4 16. Nxc4 f6 17. Be3 e5 18. Rc1 c5 19. a5 Qc7 20. d6 Qc6 21. g4 Nf4 22.
Bxf4 exf4 23. e5 Qd7 24. Rg1 Rb8 25. Be2 Qe6 26. Qxh3 fxe5 27. Qf3 Bxd6 28. Qe4
Bc7 29. g5 O-O 30. Bg4 Qa6 31. Qd5+ Kh8 32. Qxc5 Rf7 33. Bf3 b5 34. axb6 axb6
35. Qd5 Re7 36. g6 Rd8 37. Rg4 Rxd5 38. Bxd5 Re6 39. Bxe6 Bd8 40. Nd6 b5 41.
Nf7+ Kg8 42. Nxd8+ Kf8 43. Nc6 Qa4 44. Rxh4 Qe4+ 45. Kd2 Qxg6 46. Rh8# 1-0

[Event "Kandidatklassen 2006"]
[Site "Aalborg"]
[Date "2006.04.14"]
[Round "4"]
[White "Jacobsen, Bo"]
[Black "Brautsch, Soren"]
[Result "1/2-1/2"]
[WhiteElo "2308"]
[BlackElo "2275"]
[PlyCount "62"]
[EventDate "2006.??.??"]
[SourceDate "2014.05.18"]

1. g3 d5 2. Nf3 Nf6 3. Bg2 c6 4. c4 Bg4 5. O-O Bxf3 6. Bxf3 e5 7. b3 Bd6 8. Nc3
e4 9. Bg2 O-O 10. d3 Be5 11. Qc2 exd3 12. exd3 Re8 13. Bd2 Na6 14. a3 Nc7 15.
Rae1 Qd7 16. Bg5 Qf5 17. Bxf6 Qxf6 18. Ne2 Rad8 19. b4 dxc4 20. dxc4 Ne6 21.
Rd1 Nd4 22. Nxd4 Bxd4 23. Rfe1 g6 24. Rxe8+ Rxe8 25. a4 Rd8 26. Kf1 Kg7 27. Rd3
Bb6 28. Rxd8 Bxd8 29. Be4 Be7 30. b5 a5 31. bxa6 bxa6 1/2-1/2

[Event "Kandidatklassen 2006"]
[Site "Aalborg"]
[Date "2006.04.14"]
[Round "4"]
[White "Rossen, Claus"]
[Black "Hoiberg, Nina"]
[Result "0-1"]
[WhiteElo "2177"]
[BlackElo "2266"]
[PlyCount "128"]
[EventDate "2006.??.??"]
[SourceDate "2014.05.18"]

1. e4 e5 2. Nc3 c6 3. d4 d6 4. Bc4 Qc7 5. Nf3 Be7 6. a4 h6 7. Be3 Nf6 8. h3
Nbd7 9. a5 Nf8 10. Bb3 Ng6 11. Qd2 Bd7 12. Qc1 Nh5 13. g3 Qc8 14. g4 Nhf4 15.
Bxf4 exf4 16. Ne2 Bg5 17. Qd2 Qd8 18. Qb4 Qe7 19. O-O-O Nh4 20. Nxg5 hxg5 21.
d5 c5 22. Qxb7 O-O 23. Ba4 Rfd8 24. Bxd7 Qxd7 25. Qxd7 Rxd7 26. Rd3 Rb8 27. Nc3
Ng6 28. Na4 Rb4 29. b3 Ne5 30. Rdd1 c4 31. Rd4 Rdb7 32. Rhd1 cxb3 33. Rxb4 Rxb4
34. Nb2 bxc2 35. Kxc2 Rxe4 36. Nd3 Re2+ 37. Rd2 Rxd2+ 38. Kxd2 Nc4+ 39. Kc3
Nxa5 40. Kb4 Nb7 41. Kb5 Nd8 42. Nb4 f6 43. Nc6 Nb7 44. Nxa7 Nc5 45. Nc8 Ne4
46. f3 Nd2 47. Nxd6 Nxf3 48. Nc4 Kf7 49. Kb6 Nd4 50. Nd6+ Ke7 51. Kc7 f3 52.
Ne4 Nb5+ 53. Kc6 Nd4+ 54. Kc7 g6 55. d6+ Kf7 56. d7 Ne6+ 57. Kd6 Nd8 58. Nf2
Nb7+ 59. Kc7 Ke7 60. Ne4 Nd8 61. Kc8 f5 62. Nf2 Nf7 63. Kc7 Ke6 64. Nd3 Kd5 0-1

[Event "Kandidatklassen 2006"]
[Site "Aalborg"]
[Date "2006.04.14"]
[Round "4"]
[White "Brondum, Eric"]
[Black "Mikkelsen, Nikolaj"]
[Result "1/2-1/2"]
[WhiteElo "2155"]
[BlackElo "2242"]
[PlyCount "43"]
[EventDate "2006.??.??"]
[SourceDate "2014.05.18"]

1. d4 d5 2. Nf3 Nf6 3. c4 c6 4. Nc3 e6 5. Bg5 dxc4 6. e4 b5 7. e5 h6 8. Bh4 g5
9. Nxg5 hxg5 10. Bxg5 Nbd7 11. exf6 Bb7 12. g3 c5 13. d5 Nxf6 14. Bg2 Be7 15.
O-O Nxd5 16. Bxe7 Kxe7 17. Qg4 Nf6 18. Qf4 Bxg2 19. Kxg2 Qb6 20. Rad1 Rh5 21.
Rfe1 Rah8 22. h4 1/2-1/2

[Event "Kandidatklassen 2006"]
[Site "Aalborg"]
[Date "2006.04.14"]
[Round "4"]
[White "Nielsen, Henning"]
[Black "Nguyen, Michael"]
[Result "0-1"]
[WhiteElo "2156"]
[BlackElo "2007"]
[PlyCount "55"]
[EventDate "2006.??.??"]
[SourceDate "2014.05.18"]

1. e4 c6 2. d4 d5 3. exd5 cxd5 4. c4 Nf6 5. Nc3 e6 6. c5 Be7 7. b4 b6 8. Nf3
O-O 9. Bd3 a5 10. Na4 Nbd7 11. a3 axb4 12. axb4 bxc5 13. dxc5 Rb8 14. Bd2 e5
15. c6 e4 16. cxd7 Bxd7 17. Nc5 exd3 18. Nd4 Bxc5 19. bxc5 Bg4 20. f3 Qe7+ 21.
Kf2 Qxc5 22. Be3 Rb2+ 23. Kg1 Bh5 24. Qxd3 Bg6 25. Qd1 Re8 26. Bf2 Qc3 27. g3
Reb8 28. Qc1 0-1

[Event "Kandidatklassen 2006"]
[Site "Aalborg"]
[Date "2006.04.14"]
[Round "4"]
[White "Aabling Thomsen, Jakob"]
[Black "Jakobsen, Peter"]
[Result "1-0"]
[WhiteElo "2257"]
[BlackElo "2210"]
[PlyCount "75"]
[EventDate "2006.??.??"]
[SourceDate "2014.05.18"]

1. e4 e5 2. Nf3 Nc6 3. Bb5 a6 4. Bxc6 dxc6 5. O-O f6 6. d4 Bg4 7. c3 Bd6 8. Be3
Ne7 9. Nbd2 Qd7 10. Qb3 Be6 11. c4 exd4 12. Nxd4 Bf7 13. Qxb7 O-O 14. Qb3 c5
15. N4f3 Nc6 16. Qc3 Bh5 17. Nh4 Be5 18. Qa3 Nb4 19. Rab1 Be2 20. Bxc5 Nc2 21.
Qa5 Rfd8 22. Ndf3 Bxf1 23. Rxf1 Qc6 24. Nxe5 fxe5 25. Be7 Rd4 26. b3 Re8 27.
Bc5 Rxe4 28. Nf5 Qd7 29. Ne7+ Kh8 30. Nd5 c6 31. Ne3 Nd4 32. Qxa6 Ne2+ 33. Kh1
Nf4 34. f3 Rxe3 35. Bxe3 Qd3 36. Re1 Ne2 37. Qxc6 Rf8 38. Qe4 1-0

[Event "Kandidatklassen 2006"]
[Site "Aalborg"]
[Date "2006.04.14"]
[Round "4"]
[White "Pedersen, Jan Rode"]
[Black "Wiecker, Stefan"]
[Result "1-0"]
[WhiteElo "2212"]
[BlackElo "2009"]
[PlyCount "97"]
[EventDate "2006.??.??"]
[SourceDate "2014.05.18"]

1. e4 c5 2. Nf3 Nc6 3. d4 cxd4 4. Nxd4 Nf6 5. Nc3 d6 6. Be3 Ng4 7. Qd2 Nxe3 8.
Qxe3 e6 9. O-O-O Be7 10. Qg3 Nxd4 11. Rxd4 O-O 12. e5 Qa5 13. exd6 Bf6 14. Ra4
Qb6 15. Be2 Bd7 16. Ra3 Bc6 17. Rd1 Rfd8 18. Bf3 Rac8 19. Rb3 Qc5 20. Bxc6 Qxc6
21. Rd2 a5 22. Qf4 a4 23. Ra3 b5 24. Ne4 Bd4 25. Rad3 e5 26. Qf5 Qd7 27. Qxd7
Rxd7 28. g4 Kf8 29. c3 b4 30. Kd1 bxc3 31. bxc3 Bb6 32. Rb2 Ba5 33. Rb5 Bc7 34.
c4 g6 35. g5 h6 36. c5 Bd8 37. h4 f5 38. gxf6 Kf7 39. Ke2 Bxf6 40. Rf3 Ke6 41.
Rxf6+ Kd5 42. c6+ Kxc6 43. Rc5+ Kb7 44. Rxc8 Kxc8 45. Nc5 Rd8 46. d7+ Kb8 47.
Rxg6 h5 48. Re6 Kc7 49. Re8 1-0

[Event "Kandidatklassen 2006"]
[Site "Aalborg"]
[Date "2006.04.14"]
[Round "4"]
[White "Harholm, Jes Uffe"]
[Black "Flindt, Thomas"]
[Result "1/2-1/2"]
[WhiteElo "2174"]
[BlackElo "2130"]
[PlyCount "80"]
[EventDate "2006.??.??"]
[SourceDate "2014.05.18"]

1. d4 d5 2. Nf3 Bg4 3. Qd3 Nc6 4. Nbd2 e6 5. c3 a6 6. e4 Nf6 7. e5 Bf5 8. Qe2
Ne4 9. Nxe4 Bxe4 10. Nd2 Bg6 11. g3 b5 12. Bg2 Na5 13. a4 b4 14. O-O bxc3 15.
bxc3 c6 16. Ra2 Be7 17. f4 h5 18. h3 Qb6 19. Rb2 Qa7 20. Kh2 Kd7 21. Bf3 Rac8
22. Rd1 Rc7 23. Kg2 Rb7 24. Rxb7+ Qxb7 25. f5 Bxf5 26. c4 Bc2 27. Rf1 g6 28.
cxd5 cxd5 29. Nc4 Nxc4 30. Qxc4 Bb3 31. Qc3 Rc8 32. Qa1 Rc2+ 33. Kg1 Qc6 34. a5
Qc4 35. Be3 Qd3 36. Qe1 Bc4 37. Bd1 Ra2 38. Rxf7 Ra1 39. Rxe7+ Kxe7 40. Qb4+
Kf7 1/2-1/2

[Event "Kandidatklassen 2006"]
[Site "Aalborg"]
[Date "2006.04.14"]
[Round "4"]
[White "Dyrgaard, Kristoffer"]
[Black "Olsen, Peter Erik"]
[Result "1/2-1/2"]
[WhiteElo "2069"]
[BlackElo "2212"]
[PlyCount "187"]
[EventDate "2006.??.??"]
[SourceDate "2014.05.18"]

1. e4 d5 2. exd5 Qxd5 3. Nc3 Qa5 4. d4 Nf6 5. Bc4 Nc6 6. Nge2 Be6 7. d5 Bxd5 8.
Bxd5 O-O-O 9. b4 Nxb4 10. Bxb7+ Kxb7 11. Qxd8 Nxc2+ 12. Kd1 Nxa1 13. Bb2 e6 14.
Qd3 Bc5 15. Bxa1 c6 16. Kc2 Nd5 17. Nxd5 Qxa2+ 18. Bb2 Qxd5 19. Rb1 Bb6 20.
Qxd5 exd5 21. Nf4 f6 22. Re1 Bxf2 23. Re7+ Kb6 24. h3 g5 25. Nd3 Bc5 26. Nxc5
Kxc5 27. Rxa7 g4 28. Bxf6 Re8 29. Re7 Rf8 30. Bh4 gxh3 31. gxh3 h5 32. Re5 Kc4
33. Rxh5 Rf3 34. Be1 d4 35. h4 Ra3 36. Re5 Ra2+ 37. Kb1 Rh2 38. Kc1 d3 39. Re4+
Kd5 40. Rf4 c5 41. Rf5+ Ke6 42. Rxc5 d2+ 43. Bxd2 Rxh4 44. Be3 Rh2 45. Bd2 Rh3
46. Kc2 Rg3 47. Bc3 Rh3 48. Kb3 Rh4 49. Re5+ Kd6 50. Rg5 Ke6 51. Bg7 Rf4 52.
Kc3 Rf5 53. Rg4 Kd5 54. Kb4 Rf7 55. Rd4+ Ke6 56. Bh6 Ke5 57. Kc4 Rc7+ 58. Kd3
Rh7 59. Bf4+ Kf5 60. Be3 Ke5 61. Rb4 Rd7+ 62. Bd4+ Kf4 63. Rb6 Rf7 64. Re6 Kf5
65. Re5+ Kf4 66. Re4+ Kf5 67. Ke3 Kg6 68. Re8 Kf5 69. Kf3 Kg5+ 70. Kg3 Rd7 71.
Re4 Rd5 72. Rf4 Rd6 73. Be3 Rd3 74. Rf3+ Kg6 75. Kf4 Ra3 76. Ke5 Ra5+ 77. Ke4
Ra3 78. Rf2 Ra5 79. Bd4 Rb5 80. Rf6+ Kg5 81. Rf7 Kh6 82. Be5 Kg6 83. Rg7+ Kh6
84. Rg3 Rb1 85. Kf5 Rf1+ 86. Bf4+ Kh7 87. Rg4 Rb1 88. Be5 Rf1+ 89. Ke6 Rb1 90.
Bf6 Rb5 91. Kf7 Kh6 92. Rf4 Rb7+ 93. Be7 Rb5 94. Rg4 1/2-1/2

[Event "Kandidatklassen 2006"]
[Site "Aalborg"]
[Date "2006.04.14"]
[Round "4"]
[White "Hansen, Lars"]
[Black "Nielsen, Jorgen Gustav"]
[Result "1-0"]
[WhiteElo "2215"]
[BlackElo "2163"]
[PlyCount "49"]
[EventDate "2006.??.??"]
[SourceDate "2014.05.18"]

1. e4 e5 2. Nc3 Nc6 3. Bc4 d6 4. d3 Na5 5. Nge2 Nxc4 6. dxc4 Be6 7. Qd3 Ne7 8.
O-O Nc6 9. Nd5 Be7 10. f4 f6 11. f5 Bf7 12. Qg3 Bf8 13. b4 Ne7 14. a4 Nxd5 15.
cxd5 g5 16. fxg6 hxg6 17. Ra3 Be7 18. Raf3 Rg8 19. Qh3 f5 20. Qh7 Bf6 21. exf5
gxf5 22. Qxf5 Bxd5 23. Nc3 Bxf3 24. Qe6+ Kf8 25. Bh6+ 1-0

[Event "Kandidatklassen 2006"]
[Site "Aalborg"]
[Date "2006.04.14"]
[Round "4"]
[White "Willumsen, Niels Henrik"]
[Black "Damm, Kasper Wilken"]
[Result "0-1"]
[WhiteElo "2202"]
[BlackElo "2268"]
[PlyCount "62"]
[EventDate "2006.??.??"]
[SourceDate "2014.05.18"]

1. e4 c5 2. Nf3 Nc6 3. d4 cxd4 4. Nxd4 Nf6 5. Nc3 e5 6. Ndb5 d6 7. Bg5 a6 8.
Na3 b5 9. Nd5 Be7 10. Bxf6 Bxf6 11. c3 O-O 12. Nc2 Rb8 13. Bd3 Kh8 14. O-O Bg5
15. b4 Be6 16. Nce3 Bxe3 17. Nxe3 Ne7 18. a4 Qc7 19. axb5 axb5 20. Ra3 g6 21.
Qe2 f5 22. Rfa1 f4 23. Nd1 f3 24. Qe3 Nc8 25. Qh6 Kg8 26. Ra5 fxg2 27. Bxb5
Rxb5 28. Rxb5 Qc4 29. Ne3 Qxb5 30. Nf5 Bxf5 31. exf5 Rxf5 0-1

[Event "Kandidatklassen 2006"]
[Site "Aalborg"]
[Date "2006.04.14"]
[Round "4"]
[White "Bank, Pelle Rodkjaer"]
[Black "Thorsbro, Peter"]
[Result "1-0"]
[WhiteElo "2309"]
[BlackElo "2205"]
[PlyCount "79"]
[EventDate "2006.??.??"]
[SourceDate "2014.05.18"]

1. e4 c5 2. d3 g6 3. g3 Bg7 4. Bg2 e6 5. f4 d6 6. Nf3 Nc6 7. O-O Nge7 8. c3 O-O
9. Be3 Qc7 10. Na3 a6 11. d4 b6 12. Bf2 Bb7 13. Rc1 Rad8 14. Re1 b5 15. Qe2 c4
16. g4 Rde8 17. Qd2 Nd8 18. e5 Bh6 19. g5 Bg7 20. Nc2 Nf5 21. Ne3 Nxe3 22. Rxe3
Bd5 23. Ne1 Bxg2 24. Nxg2 Nc6 25. Rh3 Rb8 26. Qe2 d5 27. Ne3 Ne7 28. Be1 a5 29.
a3 Qa7 30. Rd1 Rb7 31. Qg4 Rfb8 32. Rh4 Nc6 33. Qh3 h5 34. gxh6 Bf8 35. h7+ Kh8
36. Rg4 b4 37. Bh4 Bg7 38. Bf6 Rb5 39. Qh6 Bxf6 40. exf6 1-0

[Event "Kandidatklassen 2006"]
[Site "Aalborg"]
[Date "2006.04.14"]
[Round "4"]
[White "Nikontovic, Semir"]
[Black "Rendboe, John Filip"]
[Result "1/2-1/2"]
[WhiteElo "2316"]
[BlackElo "2179"]
[PlyCount "89"]
[EventDate "2006.??.??"]
[SourceDate "2014.05.18"]

1. e4 c5 2. Nf3 Nc6 3. Bb5 g6 4. O-O Bg7 5. Re1 Nf6 6. e5 Nd5 7. Nc3 Nc7 8.
Bxc6 dxc6 9. Ne4 Ne6 10. d3 O-O 11. Be3 b6 12. Qd2 Nd4 13. Nxd4 cxd4 14. Bh6 c5
15. Bxg7 Kxg7 16. Qf4 Bf5 17. Ng3 Be6 18. Re2 Rc8 19. b3 b5 20. h4 h6 21. Ne4
Qd7 22. Rae1 Rc6 23. f3 a5 24. Nf2 a4 25. Qd2 c4 26. Qb4 axb3 27. axb3 cxb3 28.
cxb3 Rc3 29. Rb1 Bf5 30. Rd1 Rfc8 31. Ne4 Bxe4 32. Rxe4 Qe6 33. Qxd4 Rxb3 34.
Qf2 Rbc3 35. d4 Qd5 36. h5 g5 37. Rg4 Rc2 38. Qg3 Rc1 39. Rxc1 Rxc1+ 40. Kh2
Rc6 41. Qe1 Rc4 42. Qe3 b4 43. Re4 Rc3 44. Qd2 Qb3 45. d5 1/2-1/2

[Event "Kandidatklassen 2006"]
[Site "Aalborg"]
[Date "2006.04.14"]
[Round "4"]
[White "Christensen, Stefan"]
[Black "Skovgaard, Peter Nicolai"]
[Result "1-0"]
[WhiteElo "2288"]
[BlackElo "2145"]
[PlyCount "105"]
[EventDate "2006.??.??"]
[SourceDate "2014.05.18"]

1. e4 c5 2. c3 e6 3. d4 d5 4. exd5 exd5 5. Nf3 Nc6 6. Be3 cxd4 7. Nxd4 Nf6 8.
Nd2 Be7 9. N2f3 O-O 10. Bd3 Re8 11. O-O Nxd4 12. Nxd4 Ne4 13. Qf3 Bg5 14. Rfe1
Bxe3 15. Rxe3 Nf6 16. Rae1 Rxe3 17. Qxe3 Bd7 18. Nf5 Bxf5 19. Bxf5 g6 20. Bc2
Qd6 21. Qd4 b6 22. Bb3 Qc6 23. g3 Kg7 24. Re5 Rd8 25. c4 dxc4 26. Qxd8 cxb3 27.
axb3 Qc1+ 28. Kg2 Qxb2 29. Re3 h5 30. Qd3 Qc1 31. Qc3 Qd1 32. Rf3 Qd6 33. h3
Qe6 34. Rf4 g5 35. Rf3 a5 36. Kh2 Kg6 37. Qd3+ Kh6 38. Qf5 Qxf5 39. Rxf5 Ne4
40. Rb5 Nxf2 41. Rxb6+ Kg7 42. Rb5 Kg6 43. Rxa5 g4 44. h4 Nd3 45. Rd5 Nb4 46.
Rd4 Nc2 47. Rc4 Ne3 48. Rc5 f5 49. b4 f4 50. gxf4 Nf1+ 51. Kg1 Nd2 52. b5 Nf3+
53. Kh1 1-0

[Event "Kandidatklassen 2006"]
[Site "Aalborg"]
[Date "2006.04.14"]
[Round "4"]
[White "Nielsen, Steffen Slumstrup"]
[Black "Jorgensen, Brian Jorgen"]
[Result "1-0"]
[WhiteElo "2255"]
[BlackElo "2196"]
[PlyCount "89"]
[EventDate "2006.??.??"]
[SourceDate "2014.05.18"]

1. e4 g6 2. d4 Bg7 3. Nc3 d6 4. f4 a6 5. Nf3 b5 6. a4 b4 7. Nb1 d5 8. e5 e6 9.
Nbd2 Ne7 10. Nb3 Nd7 11. a5 c5 12. dxc5 Qc7 13. Be3 Nf5 14. Bf2 Bf8 15. g4 Ne7
16. h3 Nc6 17. Qd2 Rb8 18. Be2 f6 19. O-O fxe5 20. Nxe5 Ncxe5 21. fxe5 Bg7 22.
c6 Nxe5 23. Bg3 Qxc6 24. Rae1 Rb7 25. Bxa6 Qxa6 26. Bxe5 Bxe5 27. Rxe5 Qd6 28.
Qf4 Re7 29. Rf2 Rg8 30. Nd4 Qc5 31. Kh2 g5 32. Qe3 Rg6 33. c3 bxc3 34. bxc3 h6
35. Kg2 Ba6 36. Qe1 Bd3 37. a6 Be4+ 38. Qxe4 dxe4 39. Rxc5 e5 40. a7 Rxa7 41.
Rxe5+ Kd7 42. Rxe4 Ra1 43. Nf5 Rc1 44. Rd2+ Kc7 45. Rc4+ 1-0

[Event "Kandidatklassen 2006"]
[Site "Aalborg"]
[Date "2006.04.14"]
[Round "4"]
[White "Christensen, Tobias"]
[Black "Palm, Nikolaj"]
[Result "1-0"]
[WhiteElo "2312"]
[BlackElo "2245"]
[PlyCount "64"]
[EventDate "2006.??.??"]
[SourceDate "2014.05.18"]

1. e4 e5 2. Nf3 Nc6 3. Nc3 Nf6 4. Be2 Bc5 5. Nxe5 Nxe5 6. d4 Bb4 7. dxe5 Nxe4
8. Qd3 Nxc3 9. bxc3 Be7 10. Qg3 g6 11. Bh6 d5 12. O-O c6 13. c4 Be6 14. Rab1
Qc7 15. cxd5 Bxd5 16. e6 O-O-O 17. Qe3 c5 18. exf7 Bxf7 19. Bf3 b6 20. a4 Bd5
21. Bxd5 Rxd5 22. Bf4 Qd7 23. c4 Rd4 24. Qe5 Rxf4 25. Qxh8+ Bf8 26. a5 Kb7 27.
axb6 axb6 28. Rfd1 Qc7 29. Qg8 Bg7 30. Qd5+ Qc6 31. Qd7+ Qc7 32. Rd6 Bf8 1-0

[Event "Kandidatklassen 2006"]
[Site "Aalborg"]
[Date "2006.04.14"]
[Round "4"]
[White "Hjorth, Torben"]
[Black "Nielsen, Erling Moller"]
[Result "1-0"]
[WhiteElo "2161"]
[BlackElo "2112"]
[PlyCount "85"]
[EventDate "2006.??.??"]
[SourceDate "2014.05.18"]

1. e4 e6 2. d4 d5 3. Nc3 Bb4 4. Nge2 dxe4 5. a3 Be7 6. Nxe4 b6 7. Bf4 Bb7 8.
Qd3 Nf6 9. N2c3 O-O 10. O-O-O Nd5 11. Nxd5 exd5 12. Nc3 c6 13. Qg3 Bh4 14. Qf3
b5 15. Bd3 a5 16. Ne2 Nd7 17. g4 Nb6 18. g5 Bxg5 19. Rhg1 Bxf4+ 20. Qxf4 f5 21.
Qh6 Qf6 22. Rxg7+ Qxg7 23. Rg1 Qxg1+ 24. Nxg1 Rae8 25. Nf3 Re7 26. Ne5 Nc4 27.
Bxc4 bxc4 28. f4 Rg7 29. Kd2 Ba8 30. Kc3 Bb7 31. a4 Ba8 32. b4 cxb3 33. cxb3
Bb7 34. b4 axb4+ 35. Kxb4 Rg1 36. Qe6+ Kg7 37. Qe7+ Kg8 38. h4 Rg7 39. Qe6+ Kh8
40. h5 Rb8 41. Kc5 Rf8 42. h6 Rc7 43. Nd7 1-0

[Event "Kandidatklassen 2006"]
[Site "Aalborg"]
[Date "2006.04.15"]
[Round "5"]
[White "Jacobsen, Bo"]
[Black "Nielsen, Steffen Slumstrup"]
[Result "1-0"]
[WhiteElo "2308"]
[BlackElo "2255"]
[PlyCount "75"]
[EventDate "2006.??.??"]
[SourceDate "2014.05.18"]

1. g3 e5 2. Bg2 Nf6 3. c4 d6 4. Nc3 g6 5. d3 Bg7 6. Bd2 O-O 7. Qc1 Re8 8. Bh6
c6 9. Bxg7 Kxg7 10. Nf3 a5 11. O-O Na6 12. b3 Nc5 13. d4 exd4 14. Nxd4 Qe7 15.
Qd2 Bd7 16. Rad1 Rad8 17. Rfe1 Nfe4 18. Nxe4 Nxe4 19. Bxe4 Qxe4 20. Qxa5 c5 21.
Nf3 Bc6 22. Rd3 Qg4 23. Qd2 f6 24. Kg2 Qf5 25. Kg1 g5 26. a3 h6 27. b4 b6 28.
bxc5 bxc5 29. Qa5 Rd7 30. Nd4 Qe4 31. Nxc6 Qxc6 32. e3 Rb8 33. Qc3 h5 34. Rd5
Kg6 35. Qd3+ Kg7 36. Rd1 Rbd8 37. Qe4 Rf7 38. Rxg5+ 1-0

[Event "Kandidatklassen 2006"]
[Site "Aalborg"]
[Date "2006.04.15"]
[Round "5"]
[White "Brondum, Eric"]
[Black "Willumsen, Niels Henrik"]
[Result "1/2-1/2"]
[WhiteElo "2155"]
[BlackElo "2202"]
[PlyCount "49"]
[EventDate "2006.??.??"]
[SourceDate "2014.05.18"]

1. d4 d5 2. Nf3 Nf6 3. c4 c6 4. Nc3 e6 5. Bg5 dxc4 6. e4 b5 7. e5 h6 8. Bh4 g5
9. Nxg5 hxg5 10. Bxg5 Nbd7 11. exf6 Bb7 12. g3 c5 13. d5 Qb6 14. Bg2 O-O-O 15.
O-O b4 16. Rb1 Qa6 17. dxe6 Bxg2 18. e7 Ba8 19. exd8=Q+ Kxd8 20. Ne2 Kc8 21.
Qd2 Qe6 22. Rbd1 Qh3 23. Qxd7+ Qxd7 24. Rxd7 Kxd7 25. Rd1+ 1/2-1/2

[Event "Kandidatklassen 2006"]
[Site "Aalborg"]
[Date "2006.04.15"]
[Round "5"]
[White "Nielsen, Erling Moller"]
[Black "Bonnelykke, Ole"]
[Result "1-0"]
[WhiteElo "2112"]
[BlackElo "2041"]
[PlyCount "105"]
[EventDate "2006.??.??"]
[SourceDate "2014.05.18"]

1. d4 d5 2. c4 e5 3. dxe5 d4 4. Nf3 Nc6 5. g3 Be6 6. Qa4 Qd7 7. Bg2 Nge7 8. Ng5
Nxe5 9. Qxd7+ Kxd7 10. Bxb7 Rb8 11. Nxe6 fxe6 12. Bg2 Nxc4 13. b3 Nd6 14. Nd2
g6 15. Bb2 Bg7 16. Rc1 Nd5 17. O-O Rhc8 18. Rfd1 c5 19. e3 Nb4 20. Ne4 Nxe4 21.
Bxe4 Kd6 22. exd4 cxd4 23. Rxc8 Rxc8 24. Bxd4 Bxd4 25. Rxd4+ Nd5 26. Rd2 Ke5
27. Bd3 Rc1+ 28. Kg2 Nc3 29. h4 Ra1 30. a4 Nd5 31. Bc4 a5 32. Re2+ Kf6 33. Rc2
Nb4 34. Rd2 Re1 35. Rd7 h5 36. Ra7 Re5 37. Bb5 Nc2 38. Be8 Rc5 39. Rf7+ Ke5 40.
Rg7 Nd4 41. Rxg6 Nxb3 42. Rg5+ Kf6 43. Rxh5 e5 44. Rh6+ Kf5 45. Bg6+ Kf6 46.
Be4+ Ke7 47. Rc6 Rxc6 48. Bxc6 Nd4 49. Be4 Kf6 50. g4 Ne6 51. Kg3 Nd4 52. g5+
Kg7 53. Kg4 1-0

[Event "Kandidatklassen 2006"]
[Site "Aalborg"]
[Date "2006.04.15"]
[Round "5"]
[White "Aabling Thomsen, Jakob"]
[Black "Pedersen, Jan Rode"]
[Result "0-1"]
[WhiteElo "2257"]
[BlackElo "2212"]
[PlyCount "82"]
[EventDate "2006.??.??"]
[SourceDate "2014.05.18"]

1. e4 e5 2. Nf3 Nc6 3. Bc4 Nf6 4. d4 exd4 5. e5 Ne4 6. O-O d5 7. exd6 Nxd6 8.
Bd5 Nf5 9. Re1+ Be7 10. Bxc6+ bxc6 11. Ne5 Qd5 12. Bf4 O-O 13. c4 Qe6 14. Nd2
Bb7 15. Nd3 Qd7 16. Qg4 Rad8 17. Ne4 Ba8 18. Be5 Qc8 19. Nec5 Rfe8 20. h4 f6
21. Bh2 Bf8 22. Ne4 Kh8 23. Nf4 c5 24. Qh5 Rxe4 25. Rxe4 Bxe4 26. Re1 Bc2 27.
Re2 d3 28. Rd2 Nh6 29. Qf3 Re8 30. g3 Qf5 31. Kf1 Ng4 32. Bg1 Bd6 33. Qc6 Qe5
34. Nd5 Qe1+ 35. Kg2 Rf8 36. Qd7 Qxd2 37. Qxg4 Qe2 38. Qh5 Qxh5 39. Ne3 d2 40.
g4 Be4+ 41. f3 Qe5 0-1

[Event "Kandidatklassen 2006"]
[Site "Aalborg"]
[Date "2006.04.15"]
[Round "5"]
[White "Nielsen, Jorgen Gustav"]
[Black "Nikontovic, Semir"]
[Result "1/2-1/2"]
[WhiteElo "2163"]
[BlackElo "2316"]
[PlyCount "83"]
[EventDate "2006.??.??"]
[SourceDate "2014.05.18"]

1. d4 e6 2. c4 f5 3. Nc3 Nf6 4. g3 Be7 5. Bg2 O-O 6. Nh3 d6 7. O-O e5 8. dxe5
dxe5 9. Qxd8 Bxd8 10. e4 Nc6 11. Be3 Nxe4 12. Nxe4 fxe4 13. Ng5 Bxg5 14. Bxg5
Bf5 15. Rae1 Nd4 16. Bc1 Nf3+ 17. Bxf3 exf3 18. Rxe5 Bd3 19. Rfe1 Bxc4 20. b3
Be2 21. Bf4 c6 22. h4 Rfe8 23. Rc1 Rxe5 24. Bxe5 Rd8 25. Bf4 Kf7 26. Be3 g6 27.
g4 Re8 28. Bxa7 Ra8 29. Bc5 Rxa2 30. Rc3 Ra8 31. Re3 Re8 32. Rxe8 Kxe8 33. Kh2
Kd7 34. Kg3 Ke6 35. Kf4 Kd5 36. b4 Bd1 37. Ke3 Kc4 38. h5 gxh5 39. gxh5 Be2 40.
Kd2 b6 41. Bxb6 Kxb4 42. h6 1/2-1/2

[Event "Kandidatklassen 2006"]
[Site "Aalborg"]
[Date "2006.04.15"]
[Round "5"]
[White "Nguyen, Michael"]
[Black "Christensen, Bo Garner"]
[Result "0-1"]
[WhiteElo "2007"]
[BlackElo "2224"]
[PlyCount "54"]
[EventDate "2006.??.??"]
[SourceDate "2014.05.18"]

1. c4 f5 2. g3 Nf6 3. Bg2 e5 4. Nc3 Nc6 5. e3 Bc5 6. Nge2 d6 7. d4 Bb6 8. O-O
a6 9. b3 O-O 10. Bb2 e4 11. Nf4 Ne7 12. f3 g5 13. Nfe2 exf3 14. Bxf3 c6 15. e4
Qe8 16. Ba3 fxe4 17. Nxe4 Bh3 18. Nxd6 Qg6 19. Re1 Ne8 20. Nxe8 Rxf3 21. Bxe7
Qe4 22. Nf6+ Rxf6 23. Nf4 Bxd4+ 24. Qxd4 Qxd4+ 25. Kh1 gxf4 26. Bxf6 Qd2 27.
Rg1 f3 0-1